Central Library OPAC University of Rajshahi

Introduction to magnetic resonance : (Record no. 71868)

MARC details
000 -LEADER
fixed length control field 00934nam a2200265 a 4500
001 - CONTROL NUMBER
control field 71868
003 - CONTROL NUMBER IDENTIFIER
rucl marc code BD-RjUL
005 - DATE AND TIME OF LATEST TRANSACTION
control field 20211209082155.0
008 - FIXED-LENGTH DATA ELEMENTS--GENERAL INFORMATION
fixed length control field 170508s1967 nyua b 001 0 eng d
035 ## - SYSTEM CONTROL NUMBER
System control number (BD-RjUL)72084
040 ## - CATALOGING SOURCE
Original cataloging agency BD-RjUL
Language of cataloging eng
Transcribing agency BD-RjUL
Modifying agency BD-RjUL
041 ## - LANGUAGE CODE
Language code of text/sound track or separate title eng
082 ## - DEWEY DECIMAL CLASSIFICATION NUMBER
Edition number 23
Classification number 538.36
Author mark and year CAI 1967
100 1# - MAIN ENTRY--PERSONAL NAME
Personal name Carrington, Alan.
9 (RLIN) 212586
245 10 - TITLE STATEMENT
Title Introduction to magnetic resonance :
Remainder of title with applications to chemistry and chemical physics /
Statement of responsibility, etc. Alan Carrington, Andrew D. McLachlan.
260 ## - PUBLICATION, DISTRIBUTION, ETC. (IMPRINT)
Place of publication, distribution, etc. New York ;
-- London :
Name of publisher, distributor, etc. Harper & Row,
Date of publication, distribution, etc. 1967.
300 ## - PHYSICAL DESCRIPTION
Pagination xix, 266 p. :
Illustrations ill. ;
Size 23 cm.
504 ## - BIBLIOGRAPHY, ETC. NOTE
Bibliography, etc Includes bibliography and index.
650 #0 - SUBJECT ADDED ENTRY--TOPICAL TERM
Topical term or geographic name as entry element Magnetic resonance
9 (RLIN) 212587
Topical term or geographic name as entry element Chemistry, Physical and theoretical
9 (RLIN) 212588
Topical term or geographic name as entry element Electron paramagnetic resonance.
9 (RLIN) 159023
Topical term or geographic name as entry element Nuclear magnetic resonance.
9 (RLIN) 159518
700 1# - ADDED ENTRY--PERSONAL NAME
Personal name McLachlan, Andrew D.
942 ## - ADDED ENTRY ELEMENTS (KOHA)
Source of classification or shelving scheme Dewey Decimal Classification
Koha item type Books
Holdings
Lost status Source of classification or shelving scheme Damaged status Not for loan Collection code Permanent Location Current Location Shelving location Date acquired Source of acquisition Total Checkouts Full call number Date last seen Copy number Koha item type
  Dewey Decimal Classification   Not For Loan Non-fiction Central Library, University of Rajshahi Central Library, University of Rajshahi Reading Room 17/10/1973 U.S. Govt.   538.36 CAI 1967 08/05/2017 C-1 Books